| 000 | 01040nam a2200229Ia 4500 | ||
|---|---|---|---|
| 999 |
_c46171 _d46171 |
||
| 001 | 13003 | ||
| 003 | GE_BSU | ||
| 005 | 20240813122731.0 | ||
| 008 | 181216s2008||||ge |||||||||||||| ||geo|| | ||
| 020 | _a9789941130069 | ||
| 040 | _cGE_BSU | ||
| 041 | _ageo | ||
| 080 | _a165+130.22+612.821 ც-13 | ||
| 100 |
_aცაგარელი, სულხან _915498 |
||
| 245 |
_aცნობიერება : _b[სახელმძღვ. თსუ-ს სტუდ.] / _cსულხან ცაგარელი ; [რედ. ა. შათირიშვილი ; გარეკანი თინათინ ჩირინაშვილი] ; თსუ. |
||
| 264 |
_aთბილისი : _bთბილისის უნ-ტის გამ-ბა, _c2008. |
||
| 300 |
_a177გვ. ; _c20 სმ. |
||
| 653 | _aცნობიერება | ||
| 653 | _aფსიქოფიზიოლოგია | ||
| 700 |
_aშათირიშვილი, ა. _e რედაქტორი _92669 |
||
| 942 |
_cBK _2udc |
||